Discographie de Jazzy Bazz - Statistiques

Statistiques générales
  • Ce quiz a été pris 52 fois
  • Le résultat moyen est 25 sur 64
Statistiques - réponses
album Réponse % Correct
Memoria (2022) Memoria
85%
P-Town (2016) P-Town
85%
Nuit (2018) Leticia
78%
Nuit (2018) Éternité
75%
Memoria (2022) .RAW Spleen
65%
Memoria (2022) Albiceleste
63%
Sur la route du 3.14 (2012) 64 Mesures de spleen
60%
Memoria (2022) P-Town Blues
60%
Nuit (2018) Cinq heures du matin
58%
P-Town (2016) Le roseau
58%
Memoria (2022) Panorama
58%
Memoria (2022) Élément 115
55%
Nuit (2018) Insomnie
55%
Nuit (2018) El Presidente
53%
Nuit (2018) Crépuscule
50%
Memoria (2022) D.ieu
48%
Nuit (2018) Sentiments
48%
Nuit (2018) Stalker
48%
Memoria (2022) Coeur, conscience
45%
Nuit (2018) Parfum
45%
P-Town (2016) Ultra Parisien
45%
Nuit (2018) Buenos Aires - Paris
43%
Memoria (2022) Destinée
43%
P-Town (2016) Joker
40%
Memoria (2022) Sablier
40%
P-Town (2016) Trompes de Fallope
40%
P-Town (2016) 3.14 Boogie
38%
P-Town (2016) 3h33
38%
P-Town (2016) Les chemins
38%
Memoria (2022) Nouvelle 3.14
38%
Private Club (2021) Private Club
38%
Memoria (2022) Zone 19
38%
Sur la route du 3.14 (2012) Ce putain de jazz
35%
Private Club (2021) Interlude
35%
Memoria (2022) Interlude
35%
P-Town (2016) Lay Back
35%
Memoria (2022) Memento Mori
35%
Nuit (2018) Rue du soleil
35%
P-Town (2016) 3.14 Attitude
33%
Memoria (2022) Arkham Anthem
33%
P-Town (2016) Fluctuat nec mergitur
33%
Nuit (2018) Minuit
33%
Sur la route du 3.14 (2012) 3.14 Connexion
30%
Memoria (2022) Dark City
30%
Sur la route du 3.14 (2012) Seul
30%
Sur la route du 3.14 (2012) Dans ma tête
28%
P-Town (2016) Le syndrome
28%
Sur la route du 3.14 (2012) Outro
28%
P-Town (2016) Adrénaline
25%
P-Town (2016) Amen
25%
Private Club (2021) Hier encore
25%
Memoria (2022) Mental
25%
Private Club (2021) Montecristo
25%
Sur la route du 3.14 (2012) Perfect Match
25%
Sur la route du 3.14 (2012) Un truc qui cloche
25%
P-Town (2016) Visions
25%
Private Club (2021) Magma
23%
Sur la route du 3.14 (2012) La vie est un jeu
20%
Private Club (2021) Innocent
18%
Private Club (2021) Non-Stop
18%
Private Club (2021) Certifié
13%
Private Club (2021) Fascinant
13%
Private Club (2021) Fortuné
10%
Private Club (2021) Mauvais
10%
Aucun quiz correspondant
Distribution des résultats
% des personnes avec chaque résultat
Percentile par nombre de réponses
Votre historique - résultats
Vous n’avez pas pris ce quiz